[Event "AUTO-OPEN-988"]
[Site "http://www.queenalice.com/game.php?id=429797"]
[Date "2008.7.8"]
[Round "3"]
[White "Winsomelosesome"]
[Black "cardi"]
[Result "1-0"]
[WhiteElo "1968"]
[BlackElo "2074"]

1. d4 d5 2. c4 c6 3. Nc3 Nf6 4. Bf4 Nbd7 5. Nf3 e6 6. e3 Bb4 7. a3 Bxc3+ 8. bxc3
Qa5 9. Qb3 Ne4 10. Rc1 Nb6 11. Bd3 f5 12. O-O O-O 13. Bxe4 dxc4 14. Qb4 Qxb4 15.
cxb4 fxe4 16. Nd2 a5 17. Nxe4 axb4 18. axb4 e5 19. Bxe5 Bf5 20. Nc5 Bd3 21. Nxd3
cxd3 22. Rc3 Nd5 23. Rxd3 Nxb4 24. Rb3 Na6 25. Rxb7 Rf7 26. Rxf7 Kxf7 27. Ra1
Nc7 28. Rxa8 Nxa8 29. Kf1 g6 30. Ke2 Nb6 31. Kd3 Ke6 32. f4 Nd5 33. g4 h6 34. e4
Ne7 35. f5+ gxf5 36. gxf5+ Kf7 37. Kc4 h5 38. Kc5 h4 39. f6 Ng6 40. Kxc6 Ke6 41.
h3 Nh8 42. Bf4 Nf7 43. e5 Nd8+ 44. Kc5 Kf5 45. d5 Kxf4 46. e6 Kf5 47. e7 Nb7+
48. Kc6 Na5+ 49. Kd7 Kxf6 50. e8=Q Nb7 51. Qe7+ Kf5 52. Qxh4 1-0

[Event "Challenge"]
[Site "http://www.queenalice.com/game.php?id=446602"]
[Date "2008.8.10"]
[Round "-"]
[White "Mr_SPOCK"]
[Black "Winsomelosesome"]
[Result "0-1"]
[WhiteElo "1540"]
[BlackElo "1966"]

1. e4 e5 2. Nf3 Nc6 3. d4 exd4 4. Nxd4 Bc5 5. c3 Nf6 6. Bc4 O-O 7. Bg5 Re8 8.
O-O Rxe4 9. Bxf7+ Kxf7 10. Qb3+ d5 11. Nd2 Rg4 12. N2f3 Bxd4 13. cxd4 Qd6 14. h3
Nxd4 15. Nxd4 Rxd4 16. Rad1 Rxd1 17. Rxd1 c6 18. Re1 Ne4 19. Qf3+ Kg8 20. Qh5
Be6 21. f3 Nxg5 22. Qxg5 d4 23. f4 Rf8 24. g3 d3 25. Qh5 d2 26. Rd1 Qd4+ 27. Kh1
Bd5+ 28. Qxd5+ Qxd5+ 29. Kg1 Re8 30. h4 Re2 31. Rxd2 Qg2# 0-1

[Event "Game 2"]
[Site "http://www.queenalice.com/game.php?id=449576"]
[Date "2008.8.16"]
[Round "-"]
[White "Mr_SPOCK"]
[Black "Winsomelosesome"]
[Result "0-1"]
[WhiteElo "1540"]
[BlackElo "1988"]

1. e4 e5 2. Nf3 Nc6 3. Nc3 Nf6 4. d4 exd4 5. Nxd4 Bb4 6. Nxc6 bxc6 7. Bd2 O-O 8.
Bd3 Re8 9. O-O Bxc3 10. Bxc3 Nxe4 11. Qg4 Nxc3 12. bxc3 d5 13. Qh5 g6 14. Qh6
Qf6 15. Rae1 Bf5 16. Bxf5 Qxf5 17. f4 Rxe1 18. Rxe1 Qxc2 19. f5 Qxf5 20. Re3
Qb1+ 21. Kf2 Qxa2+ 22. Kf3 Qc4 23. Kf2 Rb8 24. Rh3 Rb2+ 25. Kf3 Qxc3+ 26. Kg4
Rb4+ 27. Kg5 f6# 0-1

[Event "AUTO-ADV-1016"]
[Site "http://www.queenalice.com/game.php?id=453621"]
[Date "2008.8.25"]
[Round "1"]
[White "LuizFernandes"]
[Black "Winsomelosesome"]
[Result "1/2-1/2"]
[WhiteElo "1956"]
[BlackElo "1990"]

1. Nf3 d5 2. d4 e6 3. e3 Nf6 4. c4 Be7 5. Nc3 O-O 6. Be2 c5 7. O-O Nc6 8. Bd2
Ne4 9. cxd5 Nxd2 10. Qxd2 exd5 11. Rad1 c4 12. b3 b5 13. Nxb5 Bb4 14. Qc2 a6 15.
Nc3 cxb3 16. axb3 Qd6 17. Na2 Ba5 18. Rc1 Ne7 19. Qc5 Qxc5 20. Rxc5 1/2-1/2

[Event "AUTO-ADV-1016"]
[Site "http://www.queenalice.com/game.php?id=453622"]
[Date "2008.8.25"]
[Round "1"]
[White "Winsomelosesome"]
[Black "LuizFernandes"]
[Result "0-1"]
[WhiteElo "1970"]
[BlackElo "1951"]

1. d4 e5 2. dxe5 Nc6 3. Nf3 Qe7 4. Bf4 Qb4+ 5. Bd2 Qxb2 6. Nc3 Nb4 7. Nd4 c6 8.
Rb1 Qa3 9. Rb3 Qa5 10. a3 Nd5 11. Nf3 Nxc3 12. Bxc3 Qd8 13. e4 Ne7 14. Bc4 b5
15. Bd3 a5 16. O-O a4 17. Rb1 Ng6 18. Qd2 Bb7 19. Rfd1 Bxa3 20. e6 O-O 21. exf7+
Rxf7 22. Ng5 Rf8 23. e5 Bc5 24. Bxg6 Rxf2 25. Bxh7+ Kh8 26. Nf7+ Rxf7+ 27. Kh1
Kxh7 28. e6 Rf2 29. Qd3+ Kg8 30. Qg3 Qf8 31. Qc7 dxe6 0-1

[Event "AUTO-ADV-1016"]
[Site "http://www.queenalice.com/game.php?id=453649"]
[Date "2008.8.25"]
[Round "1"]
[White "Winsomelosesome"]
[Black "andresalles"]
[Result "0-1"]
[WhiteElo "1858"]
[BlackElo "1854"]

1. d4 d5 2. c4 e6 3. Nc3 Bb4 4. a3 Bxc3+ 5. bxc3 Nf6 6. Bg5 h6 7. Bh4 c6 8. f3
Nbd7 9. e4 g5 10. Bg3 Nb6 11. c5 Nbd7 12. e5 Nh5 13. Ne2 Nxg3 14. Nxg3 f5 15.
Bd3 Qa5 16. Qc2 b6 17. cxb6 Nxb6 18. O-O Ba6 19. Bxa6 Qxa6 20. Nh5 O-O-O 21. Ng7
Kd7 22. Nxf5 exf5 23. Qxf5+ Kc7 24. e6 Rde8 25. Qf7+ Kb8 26. e7 Qb7 27. Rfe1 Nc8
28. Rab1 Nb6 29. a4 a5 0-1

[Event "AUTO-ADV-1016"]
[Site "http://www.queenalice.com/game.php?id=453650"]
[Date "2008.8.25"]
[Round "1"]
[White "andresalles"]
[Black "Winsomelosesome"]
[Result "1-0"]
[WhiteElo "1836"]
[BlackElo "1876"]

1. e4 e5 2. Bc4 Nf6 3. Nf3 Nc6 4. Ng5 d5 5. exd5 Nxd5 6. Qf3 Qxg5 7. Bxd5 Qg6 8.
Bxc6+ bxc6 9. d3 Bb7 10. Nc3 Bd6 11. O-O O-O 12. Be3 Rab8 13. Ne4 c5 14. c4 Bxe4
15. Qxe4 Qxe4 16. dxe4 Rxb2 17. Rfb1 Rfb8 18. Rxb2 Rxb2 19. f3 Rc2 20. Rb1 h6
21. Rb5 Rxc4 22. Ra5 Rc3 23. Kf2 c4 24. Bxa7 Rc2+ 25. Kg3 c3 26. a4 Re2 27. Ra6
c2 28. Rc6 Ba3 29. Be3 Rxe3 30. Rxc2 1-0

[Event "AUTO-OPEN-1241"]
[Site "http://www.queenalice.com/game.php?id=453725"]
[Date "2008.8.26"]
[Round "1"]
[White "loko"]
[Black "Winsomelosesome"]
[Result "1-0"]
[WhiteElo "2142"]
[BlackElo "1989"]

1. e4 e5 2. Nf3 Nc6 3. Bc4 Nf6 4. c3 d5 5. exd5 Nxd5 6. d4 Bg4 7. O-O Be7 8. Qb3
Na5 9. Qa4+ c6 10. Nxe5 b5 11. Bxb5 O-O 12. Bd3 Be6 13. b4 f6 14. Nf3 Nb7 15.
Qxc6 Qd7 16. Qxd7 Bxd7 17. Be4 Bc6 18. Re1 Rfe8 19. b5 Nd6 20. bxc6 Nxe4 21.
Rxe4 1-0

[Event "AUTO-OPEN-1241"]
[Site "http://www.queenalice.com/game.php?id=453726"]
[Date "2008.8.26"]
[Round "1"]
[White "Winsomelosesome"]
[Black "loko"]
[Result "0-1"]
[WhiteElo "1979"]
[BlackElo "2149"]

1. d4 d5 2. c4 c6 3. Nc3 Nf6 4. Nf3 Bf5 5. Bf4 e6 6. Qb3 b6 7. e3 Bd6 8. Bxd6
Qxd6 9. c5 Qc7 10. Be2 bxc5 11. dxc5 O-O 12. Nh4 Bg4 13. O-O Nbd7 14. f3 Bh5 15.
Rac1 Nxc5 16. Qb4 Nfd7 17. g4 Rfb8 18. Qd4 a5 19. gxh5 Rb4 20. Qd2 Rxh4 0-1

[Event "AUTO-OPEN-1241"]
[Site "http://www.queenalice.com/game.php?id=453753"]
[Date "2008.8.26"]
[Round "1"]
[White "andresalles"]
[Black "Winsomelosesome"]
[Result "1-0"]
[WhiteElo "1870"]
[BlackElo "1842"]

1. e4 e5 2. Bc4 Nf6 3. Nf3 Nc6 4. Ng5 d5 5. exd5 Na5 6. Bb5+ Bd7 7. Qe2 Bd6 8.
Bxd7+ Qxd7 9. b3 Nxd5 10. d4 O-O 11. O-O exd4 12. Qd3 Nf6 13. g3 h6 14. Ne4 Nxe4
15. Qxe4 Nc6 16. Bd2 Rae8 17. Qf3 Re6 18. Qg4 Ne5 19. Qe2 Qc6 20. f4 Ng6 21. Qg2
Qxg2+ 22. Kxg2 Rfe8 23. f5 Re2+ 24. Rf2 Rxf2+ 25. Kxf2 Ne5 26. h3 1-0

[Event "AUTO-OPEN-1241"]
[Site "http://www.queenalice.com/game.php?id=453754"]
[Date "2008.8.26"]
[Round "1"]
[White "Winsomelosesome"]
[Black "andresalles"]
[Result "0-1"]
[WhiteElo "1895"]
[BlackElo "1817"]

1. d4 d5 2. c4 e6 3. Nc3 a6 4. Nf3 h6 5. e4 Bb4 6. cxd5 Bxc3+ 7. bxc3 exd5 8.
Bd3 Bg4 9. O-O Nf6 10. h3 Bxf3 11. Qxf3 O-O 12. e5 Ne4 13. Qg4 f5 14. exf6 Qxf6
15. Bxe4 dxe4 16. Qxe4 Nc6 17. Bf4 Qxf4 18. Qxf4 Rxf4 19. Rae1 Rf7 20. d5 Na5
21. Re5 Nc4 22. Re6 Rd8 23. Rb1 Rxd5 24. Rxb7 Rd1+ 25. Kh2 Rxf2 26. Rxc7 Nb2 27.
Ree7 Nd3 28. Rxg7+ Kf8 0-1

[Event "AUTO-OPEN-1241"]
[Site "http://www.queenalice.com/game.php?id=453771"]
[Date "2008.8.26"]
[Round "1"]
[White "Lopesq"]
[Black "Winsomelosesome"]
[Result "1-0"]
[WhiteElo "1790"]
[BlackElo "1827"]

1. d4 d5 2. Nf3 Nf6 3. e3 c5 4. c3 Nc6 5. Bb5 a6 6. Bxc6+ bxc6 7. Ne5 Qb6 8. O-O
Bf5 9. Nd2 cxd4 10. exd4 e6 11. Ndf3 Bd6 12. Qa4 Rc8 13. h3 O-O 14. b4 Bxe5 15.
dxe5 Ne4 16. Qb3 Ng3 17. Be3 Ne2+ 18. Kh2 1-0

[Event "AUTO-OPEN-1241"]
[Site "http://www.queenalice.com/game.php?id=453772"]
[Date "2008.8.26"]
[Round "1"]
[White "Winsomelosesome"]
[Black "Lopesq"]
[Result "0-1"]
[WhiteElo "1810"]
[BlackElo "1807"]

1. d4 d5 2. c4 c6 3. Nc3 e6 4. Nf3 dxc4 5. e4 b5 6. a4 b4 7. Na2 Qa5 8. Bxc4 Nf6
9. Qd3 Ba6 10. Bxa6 Nxa6 11. Bd2 Be7 12. O-O Rd8 13. Ne5 Qb6 14. Be3 c5 15. Qb5+
Qxb5 16. axb5 Nc7 17. dxc5 Nxb5 18. Nxb4 Nxe4 19. Nbc6 Rc8 0-1

[Event "Challenge"]
[Site "http://www.queenalice.com/game.php?id=453968"]
[Date "2008.8.26"]
[Round "-"]
[White "Magico"]
[Black "Winsomelosesome"]
[Result "1-0"]
[WhiteElo "1568"]
[BlackElo "1970"]

1. d4 d5 2. c3 Nf6 3. Nf3 Bg4 4. Bg5 Ne4 5. Qb3 Bxf3 6. Be3 Bh5 7. Qxb7 Nd7 8.
Qxd5 Ndf6 9. Qxd8+ Rxd8 10. Nd2 e6 11. Nxe4 Nxe4 12. f3 Nd6 13. Bf4 Be7 14. Bxd6
cxd6 15. e3 Rb8 16. g4 Bg6 17. h4 Rxb2 18. h5 Bc2 19. Rh2 Rb1+ 20. Rxb1 Bxb1 21.
Rb2 Bg6 22. hxg6 hxg6 23. Rb7 Rh1 24. Rb8+ Bd8 25. Ra8 Rh2 26. Rxa7 Bh4+ 27. Kd1
1-0

[Event "AUTO-MASTER-595"]
[Site "http://www.queenalice.com/game.php?id=454243"]
[Date "2008.8.27"]
[Round "1"]
[White "Winsomelosesome"]
[Black "pajabraba69"]
[Result "0-1"]
[WhiteElo "1784"]
[BlackElo "1947"]

1. d4 Nf6 2. c4 g6 3. Nc3 Bg7 4. Nf3 d6 5. e4 O-O 6. Bg5 Bg4 7. Be2 Bxf3 8. Bxf3
Nc6 9. Qd2 e5 10. dxe5 Nxe5 11. Be2 Qd7 12. O-O Ne8 13. f4 h6 14. Bh4 Nc6 15.
Rf3 Nd4 16. Rg3 Nxe2+ 0-1

[Event "AUTO-MASTER-595"]
[Site "http://www.queenalice.com/game.php?id=454244"]
[Date "2008.8.27"]
[Round "1"]
[White "pajabraba69"]
[Black "Winsomelosesome"]
[Result "1-0"]
[WhiteElo "1937"]
[BlackElo "1794"]

1. e4 e5 2. Nf3 Nc6 3. Bb5 d6 4. d4 a6 5. Bxc6+ bxc6 6. dxe5 Bg4 7. O-O Bxf3 8.
Qxf3 dxe5 9. Qc3 Qd6 10. Nd2 Be7 11. Nc4 Qd4 12. Nxe5 Qxc3 13. bxc3 Bf6 14. Nxc6
Bxc3 15. Rb1 Nf6 16. Ba3 Nxe4 17. Rb8+ Kd7 18. Rxh8 Rxh8 19. Ne7 Re8 20. Nd5 1-0

[Event "AUTO-MASTER-595"]
[Site "http://www.queenalice.com/game.php?id=454245"]
[Date "2008.8.27"]
[Round "1"]
[White "Winsomelosesome"]
[Black "arvo1938"]
[Result "0-1"]
[WhiteElo "1953"]
[BlackElo "1865"]

1. d4 Nf6 2. c4 e6 3. Nc3 Bb4 4. Bg5 h6 5. Bh4 c5 6. a3 Bxc3+ 7. bxc3 Qa5 8. Qb3
cxd4 9. Bxf6 gxf6 10. Rc1 Nc6 11. Nf3 b6 12. e3 dxe3 13. fxe3 Bb7 14. Be2 Ne5
15. O-O Ke7 16. Nxe5 fxe5 17. Bh5 Rhg8 18. Rxf7+ Kd8 19. Rd1 Bxg2 20. Rdxd7+ Kc8
21. Rg7 Rxg7 22. Rxg7 Bc6 0-1

[Event "AUTO-MASTER-595"]
[Site "http://www.queenalice.com/game.php?id=454246"]
[Date "2008.8.27"]
[Round "1"]
[White "arvo1938"]
[Black "Winsomelosesome"]
[Result "1-0"]
[WhiteElo "1885"]
[BlackElo "1933"]

1. e4 e5 2. Nf3 Nc6 3. Bb5 d6 4. d4 a6 5. Bxc6+ bxc6 6. dxe5 Bg4 7. h3 Bxf3 8.
Qxf3 dxe5 9. O-O Nf6 10. Bg5 Be7 11. Nc3 O-O 12. Rfd1 Qb8 13. Bxf6 Bxf6 14. b3
Rd8 15. Na4 Be7 16. Qc3 Qb5 17. Nb2 Qb7 18. Qxe5 Bf6 19. Qh5 Bxb2 20. Rab1 Rxd1+
21. Rxd1 g6 22. Qh4 1-0

[Event "AUTO-MASTER-595"]
[Site "http://www.queenalice.com/game.php?id=454247"]
[Date "2008.8.27"]
[Round "1"]
[White "Winsomelosesome"]
[Black "PlayerElite"]
[Result "0-1"]
[WhiteElo "1775"]
[BlackElo "1898"]

1. d4 d5 2. c4 e6 3. Nc3 c6 4. Nf3 Nf6 5. Bf4 Nbd7 6. e3 Be7 7. cxd5 Nxd5 8.
Nxd5 exd5 9. Bd3 Qa5+ 10. Nd2 c5 11. dxc5 Nxc5 0-1

[Event "AUTO-MASTER-595"]
[Site "http://www.queenalice.com/game.php?id=454248"]
[Date "2008.8.27"]
[Round "1"]
[White "PlayerElite"]
[Black "Winsomelosesome"]
[Result "1-0"]
[WhiteElo "1537"]
[BlackElo "1792"]

1. d4 d5 2. c4 e6 3. Nc3 Nf6 4. cxd5 exd5 5. Bg5 Nc6 6. e3 Be7 7. Nf3 O-O 8. Bb5
Ne4 9. Bxe7 Nxe7 10. Bd3 Nf6 11. Ne5 Qd6 12. O-O 1-0

[Event "Challenge"]
[Site "http://www.queenalice.com/game.php?id=457059"]
[Date "2008.9.2"]
[Round "-"]
[White "BboyH"]
[Black "Winsomelosesome"]
[Result "1-0"]
[WhiteElo "1810"]
[BlackElo "1915"]

1. d4 d5 2. Nf3 Nc6 3. Nc3 Nf6 4. Bg5 e6 5. a3 Be7 6. Qd3 O-O 7. g3 b6 8. b4 Bb7
9. b5 Na5 10. Bxf6 Bxf6 11. e4 dxe4 12. Nxe4 Bxe4 13. Qxe4 c5 14. Rd1 Qe7 15.
Bd3 g6 16. h4 1-0